Hiszpański #5 (la familia) - Statystyki

Ogólne statystyki
  • Ten quiz został rozwiązany 8 razy
  • Średni wynik to 12 z 26
Statystyki odpowiedzi
Hint Odpowiedź % Poprawnych
dziadek el abuelo
88%
brat el hermano
88%
ojciec el padre
88%
wujek el tío
88%
babcia la abuela
88%
siostra la hermana
88%
matka la madre
88%
ciocia la tía
88%
syn el hijo
75%
córka la hija
75%
córka la hija
75%
kuzyn el primo
63%
wnuk el nieto
38%
wnuczka la nieta
38%
siostrzeniec/bratanek el sobrino
25%
zięć el yerno
25%
siostrzenica/bratanica la sobrina
25%
szwagier el cuñado
13%
teść el suegro
13%
szwagierka la cuñada
13%
teściowa la suegra
13%
ojczym el padrastro
0%
macocha la madrastra
0%
synowa la nuera
0%
bliźnięta los gemelos
0%
krewni los parientes
0%
Nie znaleziono quizów pasujących do podanych kryteriów
Rozkład punktacji
Procent ludzi z każdym wynikiem
Percentyl według liczby udzielonych odpowiedzi
Twoja historia wyników
Nie rozwiązałeś tego quizu